Independent decisions (Record no. 80270)
[ view plain ]
| 000 -LEADER | |
|---|---|
| fixed length control field | 01158cab a22002415a 4500 |
| 001 - CONTROL NUMBER | |
| control field | L143774 |
| 008 - FIXED-LENGTH DATA ELEMENTS--GENERAL INFORMATION | |
| fixed length control field | 080530e20080513xxk f v 000 0 eng d |
| 035 ## - SYSTEM CONTROL NUMBER | |
| System control number | (Sirsi) u143774 |
| 041 0# - LANGUAGE CODE | |
| Language code of text/sound track or separate title | eng |
| 100 1# - MAIN ENTRY--PERSONAL NAME | |
| Personal name | Kendall, John |
| 245 00 - TITLE STATEMENT | |
| Title | Independent decisions |
| 260 ## - PUBLICATION, DISTRIBUTION, ETC. | |
| Date of publication, distribution, etc. | 2008 |
| 490 #0 - SERIES STATEMENT | |
| Series statement | Solicitor's Journal |
| Volume/sequential designation | 152(19) 13 May 2008, 19(1) |
| 520 ## - SUMMARY, ETC. | |
| Summary, etc. | Discusses the use of expert determination to resolve commercial disputes and the potential benefits for the parties involved. Highlights the key characteristics of the procedure. Reviews cases demonstrating that expert determinations can follow informal procedures without being open to objections on technical grounds and which have become more difficult to challenge. |
| 590 ## - LOCAL NOTE (RLIN) | |
| Local note | KA |
| 650 24 - SUBJECT ADDED ENTRY--TOPICAL TERM | |
| Topical term or geographic name entry element | DOUGHTY HANSON & CO LTD V ROE |
| 650 24 - SUBJECT ADDED ENTRY--TOPICAL TERM | |
| Topical term or geographic name entry element | BERNHARD SCHULTE GMBH & CO KG V NILE HOLDINGS LTD |
| 650 24 - SUBJECT ADDED ENTRY--TOPICAL TERM | |
| Topical term or geographic name entry element | JONES V SHERWOOD COMPUTER SERVICES PLC |
| 650 24 - SUBJECT ADDED ENTRY--TOPICAL TERM | |
| Topical term or geographic name entry element | VEBA OIL SUPPLY & TRADING GMBH V PETROTRADE INC (THE ROBIN) |
| 651 #4 - SUBJECT ADDED ENTRY--GEOGRAPHIC NAME | |
| Geographic name | England and Wales |
| Chronological subdivision | 1543- |
| 690 ## - LOCAL SUBJECT ADDED ENTRY--TOPICAL TERM (OCLC, RLIN) | |
| Topical term or geographic name as entry element | MANAGEMENT-DISPUTE AVOIDANCE, MANAGEMENT AND RESOLUTION-DISPUTE MANAGEMENT AND RESOLUTION-ARBITRATION |
| 942 ## - ADDED ENTRY ELEMENTS (KOHA) | |
| Suppress in OPAC | 0 |
| Withdrawn status | Lost status | Source of classification or shelving scheme | Damaged status | Not for loan | Home library | Current library | Shelving location | Date acquired | Total Checkouts | Full call number | Barcode | Date last seen | Copy number | Price effective from | Koha item type |
|---|---|---|---|---|---|---|---|---|---|---|---|---|---|---|---|
| Dewey Decimal Classification | London | London | Journal article | 30/05/2008 | L143774 | 143774-1001 | 06/08/2019 | 1 | 06/08/2019 | Journal article |